Derecho constitucional tributario (Registro nro. 819)
[ vista simple ]
| 000 -LEADER | |
|---|---|
| fixed length control field | 01748 a2200229 4500 |
| 001 - CONTROL NUMBER | |
| control field | 21553 |
| 005 - DATE AND TIME OF LATEST TRANSACTION | |
| control field | 20260407155505.0 |
| 008 - FIXED-LENGTH DATA ELEMENTS--GENERAL INFORMATION | |
| fixed length control field | 260407a2011 arg spa d |
| 003 - CONTROL NUMBER IDENTIFIER | |
| control field | AR-UNSa-BCEJYS |
| 040 ## - CATALOGING SOURCE | |
| Original cataloging agency | AR-UNSa-BCEJYS |
| Language of cataloging | spa |
| Transcribing agency | AR-UNSa-BCEJYS |
| 080 ## - UNIVERSAL DECIMAL CLASSIFICATION NUMBER | |
| Universal Decimal Classification number | 336.2:342 |
| Common auxiliary subdivision | Derecho Constitucional Tritutario |
| 020 ## - INTERNATIONAL STANDARD BOOK NUMBER | |
| International Standard Book Number | 978-950-20-2225-3 |
| 100 1# - MAIN ENTRY--PERSONAL NAME | |
| Personal name | Spisso, Rodolfo Roque |
| 245 10 - TITLE STATEMENT | |
| Title | Derecho constitucional tributario |
| 250 ## - EDITION STATEMENT | |
| Edition statement | 5a.ed |
| 264 #1 - PRODUCTION, PUBLICATION, DISTRIBUTION, MANUFACTURE, AND COPYRIGHT NOTICE | |
| Place of production, publication, distribution, manufacture | Buenos Aires : |
| Name of producer, publisher, distributor, manufacturer | Abeledo Perrot |
| Date of production, publication, distribution, manufacture, or copyright notice | 2011 |
| 300 ## - PHYSICAL DESCRIPTION | |
| Extent | xxvi, 626 p. |
| Dimensions | 25 cm. |
| 505 ## - FORMATTED CONTENTS NOTE | |
| Formatted contents note | 1. Nociones de derecho constitucional tributario - 2. El programa constitucional - 3. Derecho de propiedad y tributos - 4. Distribución constitucional de potestades tributarias - 5. Comercio interjurisdiccional - 6. Establecimientos de utilidad nacional - 7. Proyección tributaria de normas constitucionales - 8. Régimen de coparticipación tributaria - 9. Coparticipación de impuestos sobre los combustibles - 10. Seguridad jurídica - 11. Principio de legalidad - 12. Irretroactividad de la ley fiscal - 13. Principio de igualdad, generalidad, proporcionalidad y progresividad - 14. Principio de capacidad contributiva - 15. Principio de razonabilidad de las leyes - 16.Principio de no confiscatoriedad - 17. Protección de la familia - 18. Principios constitucionales en materia de gastos - 19. Control de constitucionalidad - 20. Acciones y recursos. Cuestiones constitucionales - 21. Acción declarativa - 22. Derecho penal tributario - 23. El rol del poder judicial - 24. Ciudad de Buenos Aires |
| 590 ## - LOCAL NOTE (RLIN) | |
| Local note | niveau_biblio:m niveau_hierar:0 |
| 856 41 - ELECTRONIC LOCATION AND ACCESS | |
| Uniform Resource Identifier | <a href="https://biblioeco.unsa.edu.ar/pmb/images/libros/Derecho Constitucional Tributario 2.jpg">https://biblioeco.unsa.edu.ar/pmb/images/libros/Derecho Constitucional Tributario 2.jpg</a> |
| Link text | Imagen de portada |
| Electronic format type | image/jpeg |
| 942 ## - ADDED ENTRY ELEMENTS (KOHA) | |
| Koha item type | |
| Withdrawn status | Lost status | Damaged status | Not for loan | Home library | Current library | Shelving location | Date acquired | Total checkouts | Full call number | Barcode | Date last seen | Price effective from | Koha item type |
|---|---|---|---|---|---|---|---|---|---|---|---|---|---|
| Biblioteca Prof. Eusebio Cleto del Rey | Biblioteca Prof. Eusebio Cleto del Rey | 07/04/2026 | 336.2:342 S754 5ed. | L119415 | 07/04/2026 | 07/04/2026 | Libro | ||||||
| Biblioteca Prof. Eusebio Cleto del Rey | Biblioteca Prof. Eusebio Cleto del Rey | 07/04/2026 | 336.2:342 S754 5ed. | L119416 | 07/04/2026 | 07/04/2026 | Libro | ||||||
| Biblioteca Prof. Eusebio Cleto del Rey | Biblioteca Prof. Eusebio Cleto del Rey | 07/04/2026 | 336.2:342 S754 5ed. | L119417 | 07/04/2026 | 07/04/2026 | Libro |